Los lirios de la Font Roja / (Record no. 45641)

MARC details
000 -LEADER
campo de control de longitud fija 00717nam a2200205 i 4500
001 - NÚMERO DE CONTROL
campo de control 45641
003 - IDENTIFICADOR DE NÚMERO DE CONTROL
campo de control ES-MaACL
005 - FECHA Y HORA DE LA ÚLTIMA TRANSACCIÓN
campo de control 20250822063117.0
007 - CAMPO FIJO DE DESCRIPCIÓN FÍSICA--INFORMACIÓN GENERAL
campo de control de longitud fija t|
008 - DATOS DE LONGITUD FIJA--INFORMACIÓN GENERAL
campo de control de longitud fija 030326s1957 sp f ||||1| spa d
080 ## - NÚMERO DE LA CLASIFICACIÓN DECIMAL UNIVERSAL
Número de la Clasificación Decimal Universal 232.931.7(460.315 Alcoy)(091)
100 1# - ENTRADA PRINCIPAL--NOMBRE DE PERSONA
Nombre de persona Coloma Payá, Rafael
9 (RLIN) 156348
245 14 - MENCIÓN DEL TÍTULO
Título Los lirios de la Font Roja /
Mención de responsabilidad, etc. Rafael Coloma.
260 ## - PUBLICACIÓN, DISTRIBUCIÓN, ETC.
Lugar de publicación, distribución, etc. Alcoy :
Nombre del editor, distribuidor, etc. Instituto Alcoyano de Cultura "Andrés Sempere",
Fecha de publicación, distribución, etc. [1957] (
Fabricante Papeleras Reunidas)
300 ## - DESCRIPCIÓN FÍSICA
Extensión 54 p., 2 lám. ;
Dimensiones 21 cm.
650 #4 - PUNTO DE ACCESO ADICIONAL DE MATERIA--TÉRMINO DE MATERIA
Término de materia o nombre geográfico como elemento de entrada Virgen de los Lirios-
Subdivisión general Apariciones y milagros-
Subdivisión geográfica Alcoy.
9 (RLIN) 156350
710 2# - ENTRADA AGREGADA--NOMBRE DE ENTIDAD CORPORATIVA
Nombre de entidad corporativa o nombre de jurisdicción como elemento de entrada Instituto Alcoyano de Cultura "Andrés Sempere"
9 (RLIN) 4790
852 ## - LOCALIZACIÓN
Ubicación ES-MaACL
Número de control de estantería 1996-F-20
Holdings
Estatus retirado Estado de pérdida Estado de daño No para préstamo Colección Biblioteca de origen Biblioteca actual Ubicación en estantería Fecha de adquisición Fuente de adquisición Total de préstamos Signatura topográfica completa Código de barras Visto por última vez Precio de reemplazo Tipo de ítem Koha
        Colección de folletos Biblioteca del Ateneo de Madrid Biblioteca del Ateneo de Madrid Depósito folletos 17/01/2008     1996-F-20 1048018 23/02/2023 23/02/2023 Folleto